| 000 | 00514pam a2200193 a 4500 | ||
|---|---|---|---|
| 020 | _c50=00 | ||
| 040 | _aMedical College Lib. | ||
| 041 |
_aENG _hENG |
||
| 082 |
_a616.8 _bKID |
||
| 100 | _aKidd, G. . | ||
| 245 |
_aUnderstanding Neuromuscular Plasticity / _c _hTextual Documents |
||
| 260 |
_aLondon : _bEdward Arnold , _c1992. |
||
| 300 |
_a152 ; _c |
||
| 365 | _a50=00 | ||
| 653 |
_aNeurology _aMedicine _aMedical Science |
||
| 930 | _a5475 | ||
| 999 |
_c5474 _d5474 |
||